Score 0/22 Timer 03:00
1 Play Today
Clue 4-Letter Word % Correct
Small white grains used for foodRICE
97.8%
Small cubes used in various gamesDICE
97.5%
To go up; to become higher✯RISE✯
95.6%
The masculine genderMALE
94.3%
NaCl used to season foodSALT
94.2%
To eat with eleganceDINE
93.7%
Period when goods are cheaperSALE
92.4%
To ring on the phoneCALL
91%
A person from Copenhagen, e.gDANE
90.5%
Establishment for the exchange of moneyBANK
90%
To come down; to drop✯FALL✯
88.9%
Clue 4-Letter Word % Correct
Smooth valuable clothSILK
87.9%
Unpleasantly moistDANK
85.4%
Burrowing insectivoreMOLE
84.3%
Loose sedimentary materialSILT
83.9%
To shed hair, feathers etc.MOLT
83.1%
Young male horseCOLT
82.9%
To be moodily silentSULK
81.3%
Group of very devoted supportersCULT
79.4%
Large size; greater partBULK
79%
Hunting to control animal populationCULL
78.4%
Berth that is one in a tierBUNK
77.1%

Today's Daily Dose

Remove Ads.
Support Sporcle.
Get the best of Sporcle when you Go Orange. This ad-free experience offers more features, more stats, and more fun while also helping to support Sporcle. Thank you for becoming a member.

You're not logged in!

Compare scores with friends on all Sporcle quizzes.
OR
Log In

Show Comments

Extras

Top Quizzes Today


Score Distribution

Your Account Isn't Verified!

In order to create a playlist on Sporcle, you need to verify the email address you used during registration. Go to your Sporcle Settings to finish the process.

Report this User

Report this user for behavior that violates our Community Guidelines.

Details: